La relojería suiza / (Record no. 19607)

MARC details
000 -LEADER
campo de control de longitud fija 00663nam a2200205 i 4500
001 - NÚMERO DE CONTROL
campo de control 19607
003 - IDENTIFICADOR DE NÚMERO DE CONTROL
campo de control ES-MaACL
005 - FECHA Y HORA DE LA ÚLTIMA TRANSACCIÓN
campo de control 20250902004946.0
007 - CAMPO FIJO DE DESCRIPCIÓN FÍSICA--INFORMACIÓN GENERAL
campo de control de longitud fija t|
008 - DATOS DE LONGITUD FIJA--INFORMACIÓN GENERAL
campo de control de longitud fija 021004s1912 sp s00110 spa d
100 1# - ENTRADA PRINCIPAL--NOMBRE DE PERSONA
Nombre de persona Abella, Ramón,
9 (RLIN) 18049
245 13 - MENCIÓN DEL TÍTULO
Título La relojería suiza /
Mención de responsabilidad, etc. Ramón Abella.
260 ## - PUBLICACIÓN, DISTRIBUCIÓN, ETC.
Lugar de publicación, distribución, etc. Madrid :
Nombre del editor, distribuidor, etc. [s.n.],
Fecha de publicación, distribución, etc. 1912 (
Fabricante Imp. del Ministerio de Estado)
300 ## - DESCRIPCIÓN FÍSICA
Extensión 29 p. ;
Dimensiones 22 cm.
594 ## - Nota al título y mención de responsabilidad
Nota al título y mención de responsabilidad Precede al tít.: Centro de Información Comercial del Ministerio de Estado.
650 #4 - PUNTO DE ACCESO ADICIONAL DE MATERIA--TÉRMINO DE MATERIA
Término de materia o nombre geográfico como elemento de entrada Relojes-
Subdivisión geográfica Suiza.
9 (RLIN) 155978
710 2# - ENTRADA AGREGADA--NOMBRE DE ENTIDAD CORPORATIVA
Nombre de entidad corporativa o nombre de jurisdicción como elemento de entrada Centro de Información Comercial (España)
9 (RLIN) 149580
852 ## - LOCALIZACIÓN
Ubicación ES-MaACL
Número de control de estantería T-1412-F-3
Holdings
Estatus retirado Estado de pérdida Estado de daño No para préstamo Colección Biblioteca de origen Biblioteca actual Ubicación en estantería Fecha de adquisición Fuente de adquisición Total de préstamos Signatura topográfica completa Código de barras Visto por última vez Precio de reemplazo Tipo de ítem Koha
        Colección de folletos Biblioteca del Ateneo de Madrid Biblioteca del Ateneo de Madrid Depósito folletos 17/01/2008     T-1412-F-3 1020061 23/02/2023 23/02/2023 Folleto